000
00323pab a2200133 454500
008
180718b1983 xxu||||| |||| 00| 0 eng d
100
_a
Cearbhaill, Tadhg O.
245
_a
The civil service in its place
260
_c
1983
300
_a
8-33
650
_a
Civil Service - Ireland
773
_a
Administration
909
_a
5784
999
_c
5784
_d
5784